Ariel (Record no. 3852)

MARC details
000 -LEADER
campo de control de longitud fija 00612nam a22002057a 4500
001 - NÚMERO DE CONTROL
campo de control 15271
005 - FECHA Y HORA DE LA ÚLTIMA TRANSACCIÓN
campo de control 20250522045649.0
008 - DATOS DE LONGITUD FIJA--INFORMACIÓN GENERAL
campo de control de longitud fija 5230202007 ag
020 ## - NÚMERO INTERNACIONAL ESTÁNDAR DEL LIBRO
Número Internacional Estándar del Libro 978-950-03-0747-5
082 ## - NÚMERO DE LA CLASIFICACIÓN DECIMAL DEWEY
Número de clasificación Ur 863.4R61a
100 ## - ENTRADA PRINCIPAL--NOMBRE DE PERSONA
Nombre de persona Rodó, José Enrique, (1871-1917).
245 ## - MENCIÓN DEL TÍTULO
Título Ariel
Mención de responsabilidad, etc. José Enrique Rodó;
-- Prólogo de María Teresa Basile
260 ## - PUBLICACIÓN, DISTRIBUCIÓN, ETC.
Lugar de publicación, distribución, etc. Argentina :
Nombre del editor, distribuidor, etc. Editorial Losada
Fecha de publicación, distribución, etc. 2007
300 ## - DESCRIPCIÓN FÍSICA
Extensión 144 p. ;
Dimensiones 18 cm.
490 ## - MENCIÓN DE SERIE
Mención de serie Colección Clásicos Losada ;
Designación de volumen o secuencia 563
650 ## - PUNTO DE ACCESO ADICIONAL DE MATERIA--TÉRMINO DE MATERIA
Término de materia o nombre geográfico como elemento de entrada 1.Novela Uruguaya
700 ## - ENTRADA AGREGADA--NOMBRE PERSONAL
Nombre de persona I.Basile, María Teresa, pról
700 ## - ENTRADA AGREGADA--NOMBRE PERSONAL
Nombre de persona II.Tít
700 ## - ENTRADA AGREGADA--NOMBRE PERSONAL
Nombre de persona III.Serie
Holdings
Estatus retirado Estado de pérdida Estado de daño No para préstamo Colección Biblioteca de origen Biblioteca actual Fecha de adquisición Total de préstamos Signatura topográfica completa Código de barras Visto por última vez Copia número Precio de reemplazo Tipo de ítem Koha
        Acervo general de Libros Biblioteca Central Mons. Favio M. Rivas S. Biblioteca Central Mons. Favio M. Rivas S. 11/07/2017   Ur 863.4R61a 000000005826 25/11/2025 1 23/05/2025 Libros
        Acervo general de Libros Biblioteca Central Mons. Favio M. Rivas S. Biblioteca Central Mons. Favio M. Rivas S. 11/07/2017   Ur 863.4R61a 000000005827 23/05/2025 2 23/05/2025 Libros